Statistics for The Top 15 Most Forested Countries

Click here to take the quiz!

General Stats

  • This quiz has been taken 536 times
  • The average score is 12 of 15

Answer Stats

PositionArea (Sq. Km.)Country% Correct
24,714,920Brazil
98%
18,085,986Russia
98%
33,101,340Canada
97%
43,034,070USA
97%
52,054,056China
95%
10677,598India
88%
71,632,912Democratic Republic of Congo
86%
12637,172Mexico
84%
61,632,912Australia
83%
8847,522Indonesia
83%
9685,536Peru
82%
13606,340Colombia
79%
15581,996Bolivia
67%
14588,544Angola
49%
11663,677Sudan
32%

Score Distribution

Percentile by Number Answered

Percent of People with Each Score

Your Score History

You have not taken this quiz